Thuật ngữ giao dịch & kinh doanh Anh - Việt

保存先:
書誌詳細
第一著者: Nguyễn, Tấn Lực
フォーマット: 図書
言語:Undetermined
出版事項: Tp. Hồ Chí Minh Trẻ 2004
主題:
タグ: タグ追加
タグなし, このレコードへの初めてのタグを付けませんか!
Thư viện lưu trữ: Trung tâm Học liệu Trường Đại học Cần Thơ
LEADER 00550nam a2200193Ia 4500
001 CTU_91780
008 210402s9999 xx 000 0 und d
020 |c 26000 
082 |a 330.03 
082 |b L552 
100 |a Nguyễn, Tấn Lực 
245 0 |a Thuật ngữ giao dịch & kinh doanh Anh - Việt 
245 0 |c Nguyễn Tấn Lực 
260 |a Tp. Hồ Chí Minh 
260 |b Trẻ 
260 |c 2004 
650 |a Business,Commercial 
904 |i Năm 
980 |a Trung tâm Học liệu Trường Đại học Cần Thơ